000 00365nam a2200145Ia 4500
008 090124s9999 xx 000 0 und d
082 _b303555
245 _a इंद्रधनू
250 _a1
260 _bखरे जगदीश
_c1998
300 _a72
630 _a इंद्रधनू
730 _a इंद्रधनू
942 _cBOOK
999 _c193192
_d193192